000 00375nam a2200157 4500
005 20260107155212.0
020 _a9780141999937
100 _aTHALER,Richard H
245 _aNudge
250 _afinal edition
260 _aUK
_bPenguin random house
_c2021
300 _a366
650 _aEcons
_aChoice architect
_aOrgan donations
700 _aSUNSTEIN, Cass R
942 _cBK
999 _c75785
_d75785